000 01093nmc a2200337 a 4500
003 AR-BaBNM
005 20251128210134.0
008 189019s1994 ||||||||||||||000 | spa||
040 _cAR-BaBNM
100 1 _aRacedo, Josefina
245 1 0 _aLos alfabetos sociales de la identidad
_baportes para un análisis crítico de la realidad educativa
260 _aSan Miguel de Tucumán
_bCentro de rescate y revalorización del patrimonio cultural
_c1994
300 0 _bil.
_a215 p.
490 0 _aEducación, lenguaje y realidad social. Documentos de docencia e investigación
504 _aContiene bibliografía al final de cada capítulo
650 4 _aALFABETIZACION
650 4 _aDESARROLLO DEL VOCABULARIO
650 4 _aPAPEL DEL LENGUAJE
650 4 _aIDENTIDAD CULTURAL
650 4 _aLITERATURA
650 4 _aHISTORIA
650 4 _aENSENANZA
650 4 _aLENGUAJE HABLADO
651 4 _aArgentina
651 4 _aTucumán
700 1 _aRequejo, María Isabel
700 1 _aTaboada, María Stella
800 1 _aRequejo, María Isabel
942 _cBK
998 _cRaquel
999 _c14215
_d14215